000 00802nam a2200217 a 4500
001 000030551
005 20200930062356.0
008 110303 1996 sp 000 0 spa d
020 _a8472239624
040 _aDO-SdBNP
_bspa
_cBNPHU
100 1 _aJamison, Kay Redfield
_957167
240 1 0 _aAn unquiet mind. A memoir of moods and madness
_lEspañol
245 1 4 _aUna mente inquieta :
_btestimonio sobre afectos y locura /
_cKay Redfield Jamison ; traducción Alfred A. Knopf.
260 _aBarcelona :
_bTusQuets ,
_c1996.
300 _a222 p. : ;
_c21 cm.
490 1 _aColección andanzas
_v267
500 _aTraducido del idioma inglés
500 _aBreve biografía de la autora en la solapa de la portada
700 1 _aKnopf, Alfred A.
_etr.
_911613
830 0 _aColección andanzas
_n267
_957168
999 _c30043
_d30043